| 000 | 00483nam a22001697a 4500 | ||
|---|---|---|---|
| 005 | 20251108165940.0 | ||
| 008 | 250721s9999 xx 000 0 ara d | ||
| 082 | 1 | 4 | _aق/نور |
| 100 | 1 | _aنوربيئيسوف، عبد الجميل | |
| 245 | 1 | 0 |
_aالغبش : _bرواية / |
| 264 | 1 |
_aموسكو : _bدار التقدم، _c[19-]. |
|
| 300 | _a325ص | ||
| 650 | 1 | 7 | _aالأدب القصصي |
| 700 | 1 |
_aجمعه، حسين _eترجمة |
|
| 942 |
_2ddc _cBK |
||
| 999 |
_c35631 _d35631 |
||